Özelleştirme (Record no. 1115)

MARC details
000 -BAŞLIK
Sabit Uzunlukta Kontrol Alanı 01181na a2200385 4500
001 - KONTROL NUMARASI
Denetim Alanı 23380
003 - KONTROL NUMARASI IDENTIFIER
Denetim Alanı MIRAKIL
005 - SON İŞLEM TARİHİ VE ZAMANI
Denetim Alanı 20181213154812.0
008 - SABİT-BOY VERİ ELEMANLARI - GENEL BİLGİLER
Sabit Uzunlukta Kontrol Alanı 170919b tu 000 0
020 ## - ULUSLARARASI STANDART KİTAP NUMARASI
Uluslararası Standart Kitap Numarası 9759675609
035 ## - SİSTEM KONTROL NUMARASI
Sistem Kontrol Numarası 15604
040 ## - KATALOGLAMA KAYNAK
Orijinal Kataloglama Ajansı Milas
Kataloglama Dili tur
Metne Dönüştürmek Ajansı TR-AnCHP
041 ## - DİL KODU
Metin / Ses Parça Veya Ayrı Başlığın Dil Kodu tur
082 ## - DEWEY ONLU SINIFLANDIRMA NUMARASI
Sınıflandırma Numarası 343.0253
Ürün Numarası B29ö 1999
090 ## - SINIFLAMA NUMARASI
Sınıflama Numarası 343.0253 B29ö 1999
100 ## - ANA GİRİŞ - KİŞİSEL İSİM
Kişisel Ad Baytan, İlhan
Bir Adıyla İlişkilendirilen Tarihler 1950-
245 ## - BAŞLIK TABLOSU
Başlık Özelleştirme
Başlığın Kalan Hukuki yapı
-- Uygulamalar
-- Sorunlar
-- Öneriler
Sorumluluk Tablosu, Vb İlhan Baytan
246 ## - UNVAN FORM VARYING
Başlık Doğru / Kısa Başlığı Öneriler
246 ## - UNVAN FORM VARYING
Başlık Doğru / Kısa Başlığı Sorunlar
246 ## - UNVAN FORM VARYING
Başlık Doğru / Kısa Başlığı Uygulamalar
246 ## - UNVAN FORM VARYING
Başlık Doğru / Kısa Başlığı Hukuki yapı
260 ## - YAYIN, DAĞITIM, VB
Yayın, Dağıtım, Vb Yeri Ankara
Yayıncı, Dağıtıcı, Vs Adı [yayl.y.]
Yayın, Dağıtım, Vb Tarihi 1999
Üretici Firma TRT Genel Sekreterlik Basım ve Yayın Müdürlüğü Ofset
300 ## - FİZİKSEL TANIM
Kapsam vııı, 478 s.
Diğer Fiziksel Ayrıntıları tbl.
Boyutlar 24 sm.
500 ## - GENEL NOT
Genel Not Yapıt yazarından imzalıdır.
504 ## - KAYNAKÇA VB NOT
Kaynakça Vb Notu Kaynakça var.
650 ## - KONU KATMA GİRİŞ - TOPİKAL DÖNEM
Topikal Süreli Veya Coğrafi Ad Giriş Elemanı Özelleştirme
Genel Alt Bölümü Sorunlar ve çözümler
650 ## - KONU KATMA GİRİŞ - TOPİKAL DÖNEM
Topikal Süreli Veya Coğrafi Ad Giriş Elemanı Özelleştirme
Genel Alt Bölümü Hukuk ve mevzuat
Coğrafi Alt Bölümü Türkiye
650 ## - KONU KATMA GİRİŞ - TOPİKAL DÖNEM
Topikal Süreli Veya Coğrafi Ad Giriş Elemanı Özelleştirme Hukuku
Coğrafi Alt Bölümü Türkiye
650 ## - KONU KATMA GİRİŞ - TOPİKAL DÖNEM
Topikal Süreli Veya Coğrafi Ad Giriş Elemanı Kamu malları hukuku
Genel Alt Bölümü Özelleştirme
Coğrafi Alt Bölümü Türkiye
740 ## - KATMA GİRİŞ - KONTROLSUZ İLGİLİ / ANALİTİK BAŞLIK
Kontrol Edilmeyen / İlgili Analitik Başlıktaki Çözümler
740 ## - KATMA GİRİŞ - KONTROLSUZ İLGİLİ / ANALİTİK BAŞLIK
Kontrol Edilmeyen / İlgili Analitik Başlıktaki Sorunlar
740 ## - KATMA GİRİŞ - KONTROLSUZ İLGİLİ / ANALİTİK BAŞLIK
Kontrol Edilmeyen / İlgili Analitik Başlıktaki Uygulamalar
740 ## - KATMA GİRİŞ - KONTROLSUZ İLGİLİ / ANALİTİK BAŞLIK
Kontrol Edilmeyen / İlgili Analitik Başlıktaki Hukuki yapı
942 ## - EKLENDİ GİRİŞ ELEMANLARI (KOHA)
Sınıflandırma Veya Raf Düzeni Kaynak Dewey Decimal Classification
Koha Öğesi Türü Books
999 ## - SİSTEM KONTROL NUMARALARI (KOHA)
Koha Biblionumber 1115
Koha Biblioitemnumber 1115
Holdings
Kalıcı Konum Mevcut Konum Edinme Tarihi Edinim Kaynak Toplam Check-Out'Lar Tam Çağrı Numarası Barkod Tarih Son Görülme İtibaren Geçerli Fiyatlar Koha Öğesi Türü
CHP Kütüphanesi CHP Kütüphanesi 09/19/2017 Bağış   343.0253 B29ö 1999 017363 09/19/2017 09/19/2017 Books